000 00422cam a22001217a 4500
008 180718b1993 xxu||||| |||| 00| 0 eng d
100 _aSchiff, Maurice
245 _aThe impact of two-tier producer and consumer food pricing in India
_cby Maurice Schiff
260 _aWashington, D.C.
_bWorld Bank
_c1993
300 _a32p.
440 _aPolicy research working paper 1236
650 _aFood prices --Government policy --India
999 _c327932
_d327932